تهذيب كتاب الكبائر / (رقم التسجيلة. 40215)

تفاصيل مارك
000 -LEADER
fixed length control field 00624nam a22001937a 4500
005 - DATE AND TIME OF LATEST TRANSACTION
control field 20251108170123.0
008 - FIXED-LENGTH DATA ELEMENTS--GENERAL INFORMATION
fixed length control field 250721s1996 xx 000 0 ara d
082 14 - DEWEY DECIMAL CLASSIFICATION NUMBER
Classification number م/216.7/ذهب
100 1# - MAIN ENTRY--PERSONAL NAME
Personal name الذهبي، شمس الدين أبو عبد الله ... الشافعي
Relator term مؤلف
245 10 - TITLE STATEMENT
Title تهذيب كتاب الكبائر /
264 1# - PRODUCTION, PUBLICATION, DISTRIBUTION, MANUFACTURE, AND COPYRIGHT NOTICE
Place of production, publication, distribution, manufacture عمان :
Name of producer, publisher, distributor, manufacturer المكتبة الإسلامية،
Date of production, publication, distribution, manufacture, or copyright notice 1996.
300 ## - PHYSICAL DESCRIPTION
Extent 248ص.
650 17 - SUBJECT ADDED ENTRY--TOPICAL TERM
Topical term or geographic name as entry element الكبائر
650 17 - SUBJECT ADDED ENTRY--TOPICAL TERM
Topical term or geographic name as entry element الإسلام
650 17 - SUBJECT ADDED ENTRY--TOPICAL TERM
Topical term or geographic name as entry element الشريعة الإسلامية
700 1# - ADDED ENTRY--PERSONAL NAME
Personal name عبد المنان، حسان
942 ## - ADDED ENTRY ELEMENTS (KOHA)
Source of classification or shelving scheme Dewey Decimal Classification
Koha item type مراجع
المقتنيات
حالة السحب حالة الفقدان مصدر التصنيف حالة التلف غير قابل للإعارة المكتبة الرئيسية المكتبة الحالية موقع الرف تاريخ التزويد الرقم المتسلسل Total Checkouts رقم الإستدعاء الباركود تاريخ آخر ظهور تاريخ الفاتورة نوع المادة (كوها)
    Dewey Decimal Classification   Not For Loan المكتبة المركزية المكتبة المركزية مراجع 06/07/2004 448998   م/216.7/ذهب 448998 28/07/2025 06/07/2004 مراجع
    Dewey Decimal Classification   Not For Loan مكتبة أبو علندا العامة مكتبة أبو علندا العامة مراجع 06/07/2004 449020   م/216.7/ذهب 449020 28/07/2025 06/07/2004 مراجع
    Dewey Decimal Classification   Not For Loan مكتبة أم قصير والمقابلين العامة مكتبة أم قصير والمقابلين العامة مراجع 06/07/2004 449019   م/216.7/ذهب 449019 28/07/2025 06/07/2004 مراجع
    Dewey Decimal Classification   Not For Loan مكتبة الأميرة ايمان العامة مكتبة الأميرة ايمان العامة مراجع 06/07/2004 449011   م/216.7/ذهب 449011 28/07/2025 06/07/2004 مراجع
    Dewey Decimal Classification   Not For Loan مكتبة الاميرة بديعة مكتبة الاميرة بديعة مراجع 06/07/2004 449014   م/216.7/ذهب 449014 28/07/2025 06/07/2004 مراجع
    Dewey Decimal Classification   Not For Loan مكتبة البراعم الواعدة مكتبة البراعم الواعدة مراجع 24/06/2018 1653764   م/216.7/ذهب PLD00422383 28/07/2025 24/06/2018 مراجع
    Dewey Decimal Classification   Not For Loan مكتبة الجويدة مكتبة الجويدة مراجع 06/07/2004 449015   م/216.7/ذهب 449015 28/07/2025 06/07/2004 مراجع
    Dewey Decimal Classification   Not For Loan مكتبة الحسن العامة مكتبة الحسن العامة مراجع 06/07/2004 449016   م/216.7/ذهب 449016 28/07/2025 06/07/2004 مراجع
    Dewey Decimal Classification   Not For Loan مكتبة النصر العامة مكتبة النصر العامة مراجع 06/07/2004 449022   م/216.7/ذهب 449022 28/07/2025 06/07/2004 مراجع
    Dewey Decimal Classification   Not For Loan مكتبة حمزة العامة مكتبة حمزة العامة مراجع 06/07/2004 449017   م/216.7/ذهب 449017 28/07/2025 06/07/2004 مراجع
    Dewey Decimal Classification   Not For Loan مكتبة صويلح العامة مكتبة صويلح العامة مراجع 06/07/2004 449012   م/216.7/ذهب 449012 28/07/2025 06/07/2004 مراجع
    Dewey Decimal Classification   Not For Loan مكتبة وادي السير العامة مكتبة وادي السير العامة مراجع 06/07/2004 449021   م/216.7/ذهب 449021 28/07/2025 06/07/2004 مراجع
    Dewey Decimal Classification   Not For Loan مكتبة ومركز فرح مكتبة ومركز فرح مراجع 07/05/2009 1287316   م/216.7/ذهب PLD00086829 28/07/2025 07/05/2009 مراجع
Implemented & Customized by: BBB with SCIT (Smart Chains for Information Technology)

Powered by Koha